000 00545nam a22001937a 4500
003 OSt
005 20140310182758.0
008 130211t xxu||||| |||| 00| 0 eng d
020 _a9716170440
050 _aT 58.6
_b.M424 1993
100 _aMcLeod, Raymond Jr.
245 _aManagement information systems :
_ba study of computer-based information systems,
_cRaymond McLeod Jr.
260 _aNew York :
_bMacmillan,
_c1993.
300 _a910 p. :
_bill. ;
_c25 cm.
521 _aBSBA
562 _e1
942 _2lcc
_cBK
_kFOR
999 _c15914
_d15914